00511nam a2200145Ia 4500008004100000245008000041260004500121260000900166300000900175500001300184650001300197856006300210999001900273952007300292170516s9999 xx 000 0 und d aApplication of povacoat as dispersion stabilizer of nanocrystal formulation bAsian Journal of Pharmaceutical Sciences c2016 a11:1 aFebruary xPharmacy uhttp://www.sciencedirect.com/science/journal/18180876/11/1 c331014d331014 001040aCLbCLd2017-05-16l0r2017-05-16 00:00:00w2017-05-16yFOJ